Normal view MARC view

Entry Nombre geográfico

Number of records used in: 1

001 - NÚMERO DE CONTROL

  • campo de control: 28981

003 - IDENTIFICADOR DEL NÚMERO DE CONTROL

  • campo de control: FranzMayer

005 - FECHA Y HORA DE LA ÚLTIMA TRANSACCIÓN

  • campo de control: 20230726131754.0

008 - DATOS DE LONGITUD FIJA

  • campo de control de longitud fija: 230726|| aca||aabn | a|a d

040 ## - FUENTE DE LA CATALOGACIÓN

  • Centro catalogador/agencia de origen: FranzMayer
  • Centro/agencia transcriptor: FranzMayer

151 ## - ENCABEZAMIENTO--NOMBRE GEOGRÁFICO

  • Nombre geográfico: Títulos de realeza
  • Subdivisión de forma: Haciendas

670 ## - FUENTE DE DATOS ENCONTRADOS

  • Cita de la fuente: Work cat.: (FranzMayer)10920: Autor Parexa de y Quesada, Gabriel 28978, L.D. Gabriellis De Parexa et Quesada, de Universa Instrumentorum editione tractatus in duos tomus divisus. Tomus Primus, 1751